Surveying for construction (Record no. 105275)
[ view plain ]
| 000 -LEADER | |
|---|---|
| fixed length control field | 01567cam a2200277 4500 |
| 001 - CONTROL NUMBER | |
| control field | ##L132887 |
| 008 - FIXED-LENGTH DATA ELEMENTS--GENERAL INFORMATION | |
| fixed length control field | 060317n2006 000 0 eng u |
| 020 ## - INTERNATIONAL STANDARD BOOK NUMBER | |
| International Standard Book Number | 0077111141 |
| 035 ## - SYSTEM CONTROL NUMBER | |
| System control number | (Sirsi) u132887 |
| 041 0# - LANGUAGE CODE | |
| Language code of text/sound track or separate title | eng |
| 050 04 - LIBRARY OF CONGRESS CALL NUMBER | |
| Classification number | 526.902469 $2 18 |
| 100 1# - MAIN ENTRY--PERSONAL NAME | |
| Personal name | Irvine, William |
| 245 00 - TITLE STATEMENT | |
| Title | Surveying for construction |
| 250 ## - EDITION STATEMENT | |
| Edition statement | 5th ed. |
| 260 ## - PUBLICATION, DISTRIBUTION, ETC. | |
| Place of publication, distribution, etc. | Maidenhead |
| Name of publisher, distributor, etc. | McGraw-Hill Education |
| Date of publication, distribution, etc. | 2006 |
| 300 ## - PHYSICAL DESCRIPTION | |
| Extent | ix, 342p |
| Other physical details | ill, tables, diagrams |
| Dimensions | 30cm. |
| 350 ## - PRICE (NR) (BK AM CF MU VM SE) [OBSOLETE] | |
| Price | 39 95 |
| 505 2# - FORMATTED CONTENTS NOTE | |
| Formatted contents note | Surveying fundamentals -- Understanding maps and plans -- Linear surveying -- Levelling -- Contouring -- Vertical sections -- Theodolites and total stations -- Traverse surveys -- Global positioning system -- Detail survey -- Curve ranging -- Setting out construction works -- Mensuration areas -- Mensuration volumes -- Surveys of existing buildings. |
| 520 ## - SUMMARY, ETC. | |
| Summary, etc. | Offers a clear and comprehensive guide to the principles, methods and equipment used in modern surveying. This new edition has been fully updated and revised to include the latest information on levelling, total stations, detail surveys and Electronic Distance Measurement (EDM), together with a new chapter on Global Positioning System (GPS) technology. Aimed mainly at students of engineering who are new to surveying, building and environmental studies, and archaeology. |
| 520 ## - SUMMARY, ETC. | |
| Summary, etc. | Supersedes 4th ed. (ISBN 0077079981) |
| 590 ## - LOCAL NOTE (RLIN) | |
| Local note | IKA250406 |
| 690 ## - LOCAL SUBJECT ADDED ENTRY--TOPICAL TERM (OCLC, RLIN) | |
| Topical term or geographic name as entry element | ENVIRONMENTAL AND LAND CONSULTANCY-GEOMATICS-ENGINEERING SURVEYING |
| 700 1# - ADDED ENTRY--PERSONAL NAME | |
| Personal name | Maclennan, Finlay |
| 942 ## - ADDED ENTRY ELEMENTS (KOHA) | |
| Suppress in OPAC | 0 |
| Withdrawn status | Lost status | Source of classification or shelving scheme | Damaged status | Not for loan | Home library | Current library | Shelving location | Date acquired | Cost, normal purchase price | Total Checkouts | Full call number | Barcode | Date last seen | Date last checked out | Copy number | Cost, replacement price | Price effective from | Koha item type |
|---|---|---|---|---|---|---|---|---|---|---|---|---|---|---|---|---|---|---|
| Dewey Decimal Classification | Archives | Archives | Basement | 21/04/2006 | 33.99 | 8 | BASEMENT F526.902469 | 30072817 | 26/04/2024 | 22/04/2008 | 1 | 33.99 | 06/08/2019 | Book |